[Event "Thessaloniki-Chalkidiki-chT B"]
[Site "Thessaloniki"]
[Date "2022.04.03"]
[Round "5"]
[White "Kytharidis, Argyrios"]
[Black "Paterakis, Emmanouil"]
[Result "1/2-1/2"]
[WhiteElo "1881"]
[BlackElo "1907"]
[PlyCount "55"]
[EventDate "2022.03.13"]
[EventType "team-tourn"]
[EventRounds "5"]
[EventCountry "GRE"]
[SourceTitle "EXT 2024"]
[Source "ChessBase"]
[SourceDate "2023.10.10"]
[SourceVersion "1"]
[SourceVersionDate "2023.10.10"]
[SourceQuality "1"]

1. e4 c5 2. c3 Nf6 3. e5 Nd5 4. d4 cxd4 5. cxd4 d6 6. Nf3 Nc6 7. Bc4 Nb6 8. Bb3 dxe5 9. dxe5 Qxd1+ 10. Bxd1 Bg4 11. Na3 e6 12. 0-0 Rd8 13. h3 Bh5 14. g4 Bg6 15. Be3 Bd3 16. Bxb6 axb6 17. Re1 Bb4 18. Re3 Bc5 19. Re1 Ke7 20. Nc2 h5 21. a3 hxg4 22. hxg4 b5 23. Rc1 Bb6 24. Nb4 Nxb4 25. axb4 Rh3 26. Kg2 Rdh8 27. Bc2 Bc4 28. Be4 1/2-1/2

[Event "Thessaloniki/Chalkidiki-chT"]
[Site "Thessaloniki/Chalkidiki"]
[Date "2019.02.17"]
[Round "5.8"]
[White "Samaridis, Konstantinos"]
[Black "Paterakis, Emmanouil"]
[Result "1-0"]
[WhiteElo "2076"]
[BlackElo "1917"]
[PlyCount "43"]
[EventDate "2019.01.13"]
[EventType "team-tourn"]
[EventRounds "9"]
[EventCountry "GRE"]
[SourceTitle "EXT 2020"]
[Source "ChessBase"]
[SourceDate "2019.10.17"]
[SourceVersion "1"]
[SourceVersionDate "2019.10.17"]
[SourceQuality "1"]
[WhiteTeam "Thessaloniki SO Sach"]
[BlackTeam "Keravnos MAPO"]
[WhiteTeamCountry "GRE"]
[BlackTeamCountry "GRE"]

1. e4 c5 2. Nf3 d6 3. d4 cxd4 4. Nxd4 Nf6 5. Nc3 a6 6. f3 b5 7. a4 b4 8. Nd5 Nxd5 9. exd5 Qa5 10. Nb3 Qc7 11. Be3 Nd7 12. a5 Nc5 13. Qd4 Nxb3 14. cxb3 Rb8 15. Rc1 Qb7 16. Rc6 e5 17. Qc4 Qa8 18. Rc7 Bb7 19. Qxb4 Bc6 20. Bb6 Bd7 21. Qc4 Bb5 22. Qxb5+ 1-0

[Event "GRE-chT 45th"]
[Site "Achaia"]
[Date "2017.07.08"]
[Round "7.12"]
[White "Paterakis, Emmanouil"]
[Black "Papakonstantinou, Dimitrios1111"]
[Result "0-1"]
[WhiteElo "1918"]
[BlackElo "2002"]
[PlyCount "76"]
[EventDate "2017.07.03"]
[EventType "team-swiss"]
[EventRounds "7"]
[EventCountry "GRE"]
[SourceTitle "CBM 179 Extra"]
[Source "ChessBase"]
[SourceDate "2017.08.23"]
[SourceVersion "1"]
[SourceVersionDate "2017.08.23"]
[SourceQuality "1"]
[WhiteTeam "Orekastro Marion Thunder"]
[BlackTeam "Moudanion"]
[WhiteTeamCountry "GRE"]
[BlackTeamCountry "GRE"]

1. e4 c6 2. d4 d5 3. exd5 cxd5 4. Bd3 Nc6 5. c3 g6 6. Ne2 Nh6 7. Ng3 Bg4 8. Qb3 Qd7 9. 0-0 Bf5 10. Qc2 e6 11. Bf4 Rc8 12. Qd2 Bxd3 13. Qxd3 Bg7 14. Nd2 0-0 15. Rfe1 Rfe8 16. Qe3 Ng4 17. Qf3 e5 18. dxe5 Ncxe5 19. Bxe5 Nxe5 20. Qd1 d4 21. Nde4 dxc3 22. Nxc3 Qxd1 23. Raxd1 Nc4 24. Rxe8+ Rxe8 25. Na4 Nxb2 26. Nxb2 Bxb2 27. Rd7 Re1+ 28. Nf1 Ba3 29. Rxb7 Bc5 30. Rb2 Rc1 31. g3 a5 32. Kg2 a4 33. Nd2 a3 34. Rb8+ Bf8 35. Kf3 Rc2 36. Ke3 Kg7 37. Ra8 Rxa2 38. Kd3 Rb2 0-1

[Event "GRE-ch U18"]
[Site "Achaia"]
[Date "2017.06.30"]
[Round "5"]
[White "Vitsaxakis, Nikolaos"]
[Black "Paterakis, Emmanouil"]
[Result "1-0"]
[WhiteElo "1904"]
[BlackElo "1857"]
[PlyCount "89"]
[EventDate "2017.06.26"]
[EventType "swiss"]
[EventRounds "7"]
[EventCountry "GRE"]
[SourceTitle "CBM 179 Extra"]
[Source "ChessBase"]
[SourceDate "2017.08.23"]
[SourceVersion "1"]
[SourceVersionDate "2017.08.23"]
[SourceQuality "1"]

1. d4 Nf6 2. Nf3 g6 3. c4 Bg7 4. Nc3 0-0 5. e4 d6 6. Be2 e5 7. h3 exd4 8. Nxd4 Re8 9. f3 c6 10. Be3 d5 11. cxd5 cxd5 12. Bg5 dxe4 13. Nxe4 Qa5+ 14. Qd2 Qxd2+ 15. Nxd2 Nh5 16. Nb5 Na6 17. Kf2 Bd7 18. Ne4 Bxb5 19. Bxb5 Bd4+ 20. Be3 Bxe3+ 21. Kxe3 Re5 22. Bxa6 bxa6 23. Kf2 f5 24. Nc3 Rb8 25. Rab1 Nf4 26. Rhd1 Re7 27. Rd2 Rc7 28. Rbd1 Rbb7 29. Na4 Re7 30. h4 Rb5 31. g3 Nh5 32. Rd6 Rbe5 33. R1d2 f4 34. g4 Ng3 35. Nc3 Re1 36. Rd1 Rxd1 37. Rxd1 Rb7 38. Rd2 h5 39. b3 hxg4 40. fxg4 Re7 41. Rd3 Kf7 42. Kf3 a5 43. Kxf4 Ne2+ 44. Nxe2 Rxe2 45. a4 1-0

[Event "GRE-chT U16 9th"]
[Site "Thessaloniki"]
[Date "2016.12.18"]
[Round "6.1"]
[White "Paterakis, Emmanouil"]
[Black "Theodorou, Nikolas"]
[Result "0-1"]
[WhiteElo "1791"]
[BlackElo "2485"]
[PlyCount "74"]
[EventDate "2016.12.15"]
[EventType "team-swiss"]
[EventRounds "6"]
[EventCountry "GRE"]
[SourceTitle "CBM 176 Extra"]
[Source "ChessBase"]
[SourceDate "2017.03.02"]
[SourceVersion "1"]
[SourceVersionDate "2017.03.02"]
[SourceQuality "1"]
[WhiteTeam "Oreokastrou"]
[BlackTeam "Chanion"]
[WhiteTeamCountry "GRE"]
[BlackTeamCountry "GRE"]

1. e4 c5 2. Nf3 d6 3. Bb5+ Nd7 4. 0-0 a6 5. Bd3 Ngf6 6. c3 b5 7. Bc2 Bb7 8. Re1 c4 9. d4 cxd3 10. Bxd3 Nc5 11. Qc2 e6 12. Bg5 Be7 13. Nbd2 h6 14. Bxf6 Bxf6 15. Rad1 Qc7 16. Nb3 Nxd3 17. Qxd3 Rd8 18. Nbd4 0-0 19. Qe2 Rfe8 20. Rd2 e5 21. Nc2 d5 22. exd5 Bxd5 23. Red1 Bc4 24. Qe1 Rxd2 25. Rxd2 Bxa2 26. Nb4 Bc4 27. Nxa6 Qc8 28. Nb4 e4 29. Nd4 Bg5 30. Nbc2 Bxd2 31. Qxd2 Qg4 32. Ne3 Qg5 33. h3 Ra8 34. b3 Ra1+ 35. Kh2 Bd3 36. g3 Kh7 37. h4 Qh5 0-1

[Event "GRE-chT U16 9th"]
[Site "Thessaloniki"]
[Date "2016.12.16"]
[Round "2.1"]
[White "Karamanis, Ioannis Marios"]
[Black "Paterakis, Emmanouil"]
[Result "0-1"]
[WhiteElo "1520"]
[BlackElo "1791"]
[PlyCount "82"]
[EventDate "2016.12.15"]
[EventType "team-swiss"]
[EventRounds "6"]
[EventCountry "GRE"]
[SourceTitle "CBM 176 Extra"]
[Source "ChessBase"]
[SourceDate "2017.03.02"]
[SourceVersion "1"]
[SourceVersionDate "2017.03.02"]
[SourceQuality "1"]
[WhiteTeam "Triandrias"]
[BlackTeam "Oreokastrou"]
[WhiteTeamCountry "GRE"]
[BlackTeamCountry "GRE"]

1. e4 c5 2. Nf3 Nc6 3. d4 cxd4 4. Nxd4 Nf6 5. Nc3 d6 6. Bb5 Bd7 7. 0-0 g6 8. Nxc6 bxc6 9. Bc4 Bg7 10. h3 0-0 11. Qf3 Qc7 12. Bg5 Rab8 13. Rab1 Be6 14. Bxe6 fxe6 15. e5 Nd5 16. Nxd5 cxd5 17. exd6 exd6 18. Qe2 Rfe8 19. c3 Qa5 20. Ra1 d4 21. Bf4 e5 22. Bg3 dxc3 23. bxc3 Qxc3 24. Rac1 Qa3 25. Qc4+ Kh8 26. Rc3 Qb4 27. Qxb4 Rxb4 28. Ra3 Rb7 29. Ra6 d5 30. Re1 Rd7 31. f3 Kg8 32. Bf2 d4 33. Ra4 Kf7 34. Rd1 Red8 35. Bh4 Rc8 36. Rd2 Bh6 37. Rd3 Be3+ 38. Kh2 Rc1 39. Ra6 Rdc7 40. Bd8 Bf4+ 41. g3 R7c2+ 0-1

[Event "GRE-chT U16 9th"]
[Site "Thessaloniki"]
[Date "2016.12.15"]
[Round "1.1"]
[White "Paterakis, Emmanouil"]
[Black "Kouskoutis, Georgios Alexandros"]
[Result "0-1"]
[WhiteElo "1791"]
[BlackElo "2273"]
[PlyCount "92"]
[EventDate "2016.12.15"]
[EventType "team-swiss"]
[EventRounds "6"]
[EventCountry "GRE"]
[SourceTitle "CBM 176 Extra"]
[Source "ChessBase"]
[SourceDate "2017.03.02"]
[SourceVersion "1"]
[SourceVersionDate "2017.03.02"]
[SourceQuality "1"]
[WhiteTeam "Oreokastrou"]
[BlackTeam "Nikaia Fysiolatris"]
[WhiteTeamCountry "GRE"]
[BlackTeamCountry "GRE"]

1. e4 c5 2. Nf3 e6 3. d4 cxd4 4. Nxd4 Nc6 5. Nb5 d6 6. c4 Nf6 7. N1c3 a6 8. Na3 Be7 9. Be2 0-0 10. Be3 b6 11. 0-0 Ne5 12. f4 Ned7 13. Bf3 Bb7 14. Rc1 Qc7 15. Qc2 Rac8 16. Rfd1 Rfd8 17. g4 Qb8 18. g5 Ne8 19. Qf2 Bc6 20. Nc2 Ba8 21. Nd4 Bf8 22. b3 Nc5 23. h4 Nc7 24. f5 e5 25. Nde2 b5 26. cxb5 axb5 27. Ng3 b4 28. Nce2 Qb5 29. Bxc5 dxc5 30. Bg4 Rb8 31. h5 Qe8 32. f6 Ne6 33. Rxd8 Rxd8 34. Bxe6 Qxe6 35. fxg7 Bxg7 36. Rxc5 Bf8 37. Rc1 Bb7 38. Qe3 Qg4 39. Rc7 Ba6 40. Qf2 Rd7 41. Rxd7 Qxd7 42. h6 Qg4 43. Qf6 Bxe2 44. Kf2 Bd1 45. Nf5 Bc5+ 46. Ne3 Qe2+ 0-1

[Event "GRE-ch U16"]
[Site "Kavala"]
[Date "2016.01.02"]
[Round "1"]
[White "Paterakis, Emmanouil"]
[Black "Kalogeris, Ioannis"]
[Result "0-1"]
[WhiteElo "1764"]
[BlackElo "2260"]
[PlyCount "54"]
[EventDate "2016.01.02"]
[EventType "swiss"]
[EventRounds "9"]
[EventCountry "GRE"]
[SourceTitle "EXT 2024"]
[Source "ChessBase"]
[SourceDate "2023.10.10"]
[SourceVersion "1"]
[SourceVersionDate "2023.10.10"]
[SourceQuality "1"]

1. Nf3 c5 2. b3 d5 3. Bb2 Nf6 4. e3 Nc6 5. d4 cxd4 6. Nxd4 Bg4 7. Be2 Bxe2 8. Qxe2 e6 9. 0-0 Rc8 10. Rd1 Qb6 11. Nd2 Be7 12. c4 0-0 13. cxd5 Nxd5 14. Nc4 Qa6 15. Qg4 Nf6 16. Qf3 b5 17. Nxc6 Rxc6 18. Ne5 Rc2 19. Nd3 Nd5 20. Qg4 Nc3 21. Rd2 f5 22. Rxc2 fxg4 23. Bxc3 Qc6 24. Rac1 Qe4 25. Nb2 Rc8 26. Rd2 b4 27. Rd4 Rxc3 0-1

[Event "GRE-ch U16"]
[Site "Rio Achaia"]
[Date "2015.07.01"]
[Round "8.4"]
[White "Drakoulakos, Grigorios"]
[Black "Paterakis, Emmanouil"]
[Result "1-0"]
[WhiteElo "2250"]
[BlackElo "1574"]
[PlyCount "93"]
[EventDate "2015.06.26"]
[EventType "swiss"]
[EventRounds "9"]
[EventCountry "GRE"]
[SourceTitle "EXT 2024"]
[Source "ChessBase"]
[SourceDate "2023.10.10"]
[SourceVersion "1"]
[SourceVersionDate "2023.10.10"]
[SourceQuality "1"]

1. e4 c6 2. Nc3 d5 3. Nf3 dxe4 4. Nxe4 Nf6 5. Nxf6+ exf6 6. d4 Bd6 7. Bd3 0-0 8. 0-0 Re8 9. h3 Be6 10. c4 Nd7 11. d5 cxd5 12. cxd5 Bxd5 13. Bxh7+ Kxh7 14. Qxd5 Qc7 15. Qxf7 Ne5 16. Nxe5 Bxe5 17. Qxc7 Bxc7 18. Be3 b6 19. Rac1 Be5 20. b3 Rad8 21. Rfd1 Kg6 22. Kf1 Kf7 23. Rxd8 Rxd8 24. f4 Bd6 25. Ke2 Re8 26. Kf3 Rh8 27. Bf2 f5 28. Rd1 Ke6 29. Bd4 Rh4 30. Be3 g6 31. Rh1 Rh8 32. g3 Rc8 33. Rc1 Rh8 34. h4 Kd7 35. Bf2 Re8 36. Rc2 Re4 37. Be3 Re8 38. Rh2 Rh8 39. Bd4 Rh7 40. Be5 Be7 41. Rc2 Bd8 42. Rd2+ Ke7 43. Rd6 Rh6 44. Ke3 Bc7 45. Rc6 Bd8 46. Kd4 Kf7 47. Rc8 1-0

[Event "GRE-chT 42nd"]
[Site "Porto Rio"]
[Date "2014.06.28"]
[Round "1.9"]
[White "Paterakis, Emmanouil"]
[Black "Harizopoulos, Ioannis"]
[Result "1-0"]
[WhiteElo "1424"]
[BlackElo "1643"]
[PlyCount "151"]
[EventDate "2014.06.28"]
[EventType "team-swiss"]
[EventRounds "7"]
[EventCountry "GRE"]
[SourceTitle "CBM 161 Extra"]
[Source "ChessBase"]
[SourceDate "2014.08.29"]
[SourceVersion "1"]
[SourceVersionDate "2014.08.29"]
[SourceQuality "1"]
[WhiteTeam "Mapou Thunder"]
[BlackTeam "Ptolemaida Ptolemaios"]
[WhiteTeamCountry "GRE"]
[BlackTeamCountry "GRE"]

1. f4 d5 2. Nf3 c5 3. b3 Nf6 4. e3 Nc6 5. Bb2 Bf5 6. Ne5 e6 7. Be2 Be7 8. 0-0 h6 9. Bf3 Qb6 10. Kh1 Rd8 11. d4 0-0 12. c3 a5 13. Nd2 a4 14. g4 Bh7 15. g5 hxg5 16. fxg5 Ne4 17. Bxe4 dxe4 18. Ndc4 Qc7 19. g6 fxg6 20. Qg4 Rf5 21. Nxg6 Bf6 22. Nf4 Qf7 23. Nd2 e5 24. Ne2 Rg5 25. Qxg5 Bxg5 26. Rxf7 Kxf7 27. Nf1 Ke6 28. Rd1 Bf5 29. c4 Bg4 30. d5+ Ke7 31. Rd2 Nb4 32. Bxe5 Nd3 33. Bf4 Bf3+ 34. Kg1 Bh5 35. Bg3 Bg4 36. Bf4 Bh4 37. Bg3 Bg5 38. Nf4 Nxf4 39. Bxf4 Bxf4 40. exf4 Kd6 41. Kf2 Ra8 42. Rb2 axb3 43. axb3 Rf8 44. Ke3 b5 45. Nd2 Rb8 46. Ra2 bxc4 47. bxc4 Rb4 48. Rc2 Bh5 49. Nxe4+ Ke7 50. Nxc5 Bg6 51. Rc3 Rb2 52. Ne6 Rxh2 53. Nxg7 Rh3+ 54. Kd4 Rh1 55. Re3+ Kf7 56. Ne6 Rd1+ 57. Ke5 Ke7 58. c5 Bf7 59. f5 Rd2 60. d6+ Kd7 61. Nd4 Kd8 62. c6 Be8 63. Kd5 Bxc6+ 64. Kxc6 Rxd4 65. Re5 Rd1 66. f6 Rf1 67. Ra5 Rc1+ 68. Kd5 Rd1+ 69. Ke6 Re1+ 70. Re5 Rh1 71. f7 Rh6+ 72. Kd5 Rh8 73. Re8+ Rxe8 74. fxe8Q+ Kxe8 75. Ke6 Kd8 76. d7 1-0